000 00552nam a2200193 a 4500
005 20140310183301.0
008 050722s19uu xx 00 eng d
020 _a0312982526
050 _aPN 3448.D4
_b.W873 2002
100 _aWood, Barbara
245 _aSacred ground /
_cBarbara Wood.
260 _aNew York, NY :
_bSt. Martin's Press,
_c2002.
300 _a403 p. :
_c17 cm.
650 _aWomen healers
_xFiction.
650 _aMothers and daughters
_xFiction.
650 _aPrehistoric people
_xFiction.
942 _cBK
_2lcc
999 _c20990
_d20990